Kraje które mają najwięcej IKEI - Statystyki

Ogólne statystyki
  • Ten quiz został rozwiązany 1 113 razy
  • Średni wynik to 29 z 42
Statystyki odpowiedzi
Ilość
sklepów
odpowiedż % Poprawnych
8 Polska
99%
17 Szwecja
97%
46 Niemcy
95%
14 Rosja
95%
38 Stany Zjednoczone
95%
29 Francja
94%
15 Hiszpania
92%
6 Norwegia
92%
11 Chiny
90%
20 Włochy
90%
12 Kanada
89%
3 Portugalia
87%
18 Wielka brytania
87%
5 Czechy
86%
4 Finlandia
86%
5 Japonia
85%
1 Słowacja
85%
5 Dania
82%
6 Austria
79%
1 Litwa
79%
5 Grecja
78%
7 Szwajcaria
78%
5 Turcja
78%
12 Holandia
77%
6 Belgia
75%
2 Węgry
75%
1 Irlandia
73%
7 Australia
72%
1 Rumunia
71%
1 Bułgaria
69%
1 Islandia
68%
3 Arabia Saudyjska
48%
2 Izrael
42%
2 Zjednoczone EmiratyArabskie
40%
1 Tajlandia
35%
1 Cypr
33%
1 Katar
32%
1 Malezja
26%
2 Singapur
26%
4 Tajwan
26%
1 Kuwejt
25%
1 Dominikana
9%
Nie znaleziono quizów pasujących do podanych kryteriów
Rozkład punktacji
Procent ludzi z każdym wynikiem
Percentyl według liczby udzielonych odpowiedzi
Twoja historia wyników
Nie rozwiązałeś tego quizu